Countries bigger than Poland - sudden death - Statistics

General Stats
  • This quiz has been taken 300 times
  • The average score is 5 of 16
Answers on the Grid
Answers color-coded by a green-red scale on the quiz's grid according to % correct below.
Russia
China
USA
Germany
France
Italy
Vietnam
Nigeria
Bangladesh
Myanmar
Algeria
South Africa
India
Colombia
Thailand
UK
Greece
Romania
Netherlands
Nepal
Venezuela
Peru
Malaysia
Chile
Hungary
Switzerland
Norway
Portugal
Australia
Taiwan
 
Answer Stats
Answer % Correct
USA
55%
Russia
54%
China
52%
France
44%
India
40%
Germany
34%
South Africa
33%
Nigeria
28%
UK
24%
Colombia
22%
Italy
22%
Bangladesh
20%
Thailand
20%
Vietnam
20%
Algeria
19%
Myanmar
14%
No matching quizzes found
Score Distribution
Percent of People with Each Score
Percentile by Number Answered
Your Score History
You have not taken this quiz